Places with "Saint" in their name - Statistics

General Stats
  • This quiz has been taken 56 times
  • The average score is 7 of 15
Answer Stats
Hint Population Answer % Correct
Russia 6.5m Saint {Petersburg}
100%
Brazil 21.5m Sao {Paulo}
96%
USA, Missouri 2.8m St. {Louis}
96%
Costa Rica 2.1m San {Jose}
91%
USA, California 93k Santa {Monica}
53%
Spain, Basque Region 436k San {Sebastian}
47%
Canada, NB 130k Saint {John}
42%
USA, Utah 197k St. {George}
38%
France, Reunion 156k Saint-{Denis}
26%
UK, Hertfordshire 82k St. {Albans}
25%
France, Loire 172k Saint-{Etienne}
21%
France, Cote d'Azur 3.5k Saint-{Tropez}
21%
UK, Jersey 35k St. {Helier}
19%
Canada, Ontario 433k St. {Catharines}
11%
Australia, Victoria 19k St. {Kilda}
2%
No matching quizzes found
Score Distribution
Percent of People with Each Score
Percentile by Number Answered
Your Score History
You have not taken this quiz